La penetración imperialista en la investigación en la Universidad de Costa Rica

में बचाया:
ग्रंथसूची विवरण
मुख्य लेखक: Coronado M, Emilia
स्वरूप: मूलपाठ
प्रकाशित: San José :
टैग: टैग जोड़ें
कोई टैग नहीं, इस रिकॉर्ड को टैग करने वाले पहले व्यक्ति बनें!

MARC

LEADER 00000 a a2200000 04500
001 14767
003
040
090 |a 022300  
100 |a Coronado M, Emilia  
245 |a La penetración imperialista en la investigación en la Universidad de Costa Rica  
260 |a San José :  
300 |a 6 p.  
999 |c 14826  |d 14826